Дело по предписанию господина директора касательно суммы, определенной для взыскания из полубенефисных сборов на расходы

Доступно только в Электронных читальных залах Найти на картеНа карте
RUSMARC
00003753nmc2a22000003x 450
0019cc0d9dc-b7ac-4839-8eaf-055dd8cf5f61
00520181225171523.0
100##$a20170626l18461846k l0rusy0189 ca
1010#$arus
102##$aRU
2001#$aДело по предписанию господина директора касательно суммы, определенной для взыскания из полубенефисных сборов на расходы
$j5-11 мая 1846 г.
251##$cДело
300##$aПо Санкт-Петербургской дирекции за 1846 год
300##$aДело
801#0$aRU
$bРГИА
$c20170626
$gRCR
801#1$aRU
$bГлавНИВЦ
$c20170626
$2rusmarc
801#2$aRU
$bПБ им. Б.Н. Ельцина
$c20181225
$gRCR
$2rusmarc
850##$aРГИА
852##$aРГИА
$eФедеральное казенное учреждение "Российский государственный исторический архив" (РГИА)
$j10877
937##$hРГИА
$d12246843
$aASBIBLIO_SCAN
462#0$1001dd3991dc-24e1-42ec-8838-ca4255420416
$12001
$a1746-1850 гг.
$1251
$cОпись
$1852
$j1
461#0$10019264ebf8-de62-4f1a-9eb4-9f22098dbbd5
$12001
$aДирекция императорских театров МИДв
$1251
$cФонд
$1852
$j497
215##$a5 л.
$d36,5х26 см
371##$aДокумент не является опубликованным и широко распространяемым
105##$ay###
1222#$ad
035##$a9cc0d9dc-b7ac-4839-8eaf-055dd8cf5f61
856##$uhttp://readingroom.main.prlib.ru/item.aspx?id_node=n122344849&mode=full
Формат отображения